Caballero & JeanJass - Tout leurs projets - Statistiques

Statistiques générales
  • Ce quiz a été pris 58 fois
  • Le résultat moyen est 10 sur 18
Statistiques - réponses
Auteur(s) du projet Date de sortie Projet % Correct
Caballero & JeanJass 2016 Double Hélice
94%
Caballero & JeanJass 2017 Double Hélice 2
87%
JeanJass 2021 Hat Trick
87%
Caballero & JeanJass 2018 Double Hélice 3
85%
Caballero 2021 OSO
81%
JeanJass 2022 Doudoune en été
79%
JeanJass 2014 Goldman
72%
Caballero 2022 OSITO
68%
Caballero 2024 Dose Héroïque
62%
Caba, Lomepal et Hologram' Lo 2013 Le Singe Fume Sa Cigarette
62%
Caballero & JeanJass 2020 High & Fines Herbes
57%
Caballero (JeanJass et Le Seize) 2014 Le Pont De La Reine
55%
Caballero & JeanJass 2021 - 2024 ZushiBoyz 1,2,3,4
40%
Caballero 2013 Laisse nous Faire Vol1
26%
JeanJass et Le Seize 2014 Jean XVI
23%
Caballero & JeanJass 2023 High & Fines Herbes : La Mixtape
17%
Caba, Lomepal, Keroué et Vidji 2014 Fixpen Singe
15%
Caballero 2011 Laisse Moi Faire
15%
Aucun quiz correspondant
Distribution des résultats
% des personnes avec chaque résultat
Percentile par nombre de réponses
Votre historique - résultats
Vous n’avez pas pris ce quiz